| 000 | 00390nam a2200145Ia 4500 | ||
|---|---|---|---|
| 005 | 20260328101459.0 | ||
| 008 | 260328s9999||||xx |||||||||||||| ||und|| | ||
| 100 | _aDeswarte, Sylvie | ||
| 245 | 0 |
_aArchitectures D'Ingenieurs (XIX - XX Siecles) / _cSylvie Deswarte |
|
| 250 | _a2a ed. | ||
| 260 | _bCentre de Creation Industrielle | ||
| 300 | _a60 p. | ||
| 650 | _aESTRUCTURAS | ||
| 942 | _cBK | ||
| 999 |
_c8918 _d8918 |
||